000 00786nam a2200253Ia 4500
003 OSt
005 20220924124214.0
006 a|||||r|||| 00| 0
007 ta
008 220923b |||||||| |||| 00| 0 urd d
020 _c156
024 _a284737
037 _b43536, 13/03/2015, Segment Book Distributors
_cTextual
040 _aARTS
_cARTS
_burd
041 _2urd
_aurd
082 _aO168,3J82:g, Q1
100 _aJalili Humera
_9195176
245 0 _aSabras ki tanqeedi tadveen
260 _aNew Delhi
_b National Council for promotion of urdu language India
_c2011
300 _a648p.
_ccm.
650 _aURDU LITERATURE
942 _hO168,3J82:g, Q1
_cTEXL
_2CC
999 _c418797
_d418797